<?xml version="1.0" encoding="UTF-8"?>
<record
    xmlns:xsi="http://www.w3.org/2001/XMLSchema-instance"
    xsi:schemaLocation="http://www.loc.gov/MARC21/slim http://www.loc.gov/standards/marcxml/schema/MARC21slim.xsd"
    xmlns="http://www.loc.gov/MARC21/slim">

  <leader>01783    a2200301   4500</leader>
  <controlfield tag="001">48767</controlfield>
  <controlfield tag="005">20260407155753.0</controlfield>
  <controlfield tag="008">260407a1967    arg                 spa d</controlfield>
  <controlfield tag="003">AR-UNSa-BCEJYS</controlfield>
  <datafield tag="040" ind1=" " ind2=" ">
    <subfield code="a">AR-UNSa-BCEJYS</subfield>
    <subfield code="b">spa</subfield>
    <subfield code="c">AR-UNSa-BCEJYS</subfield>
  </datafield>
  <datafield tag="080" ind1=" " ind2=" ">
    <subfield code="a">338.45</subfield>
    <subfield code="x">Industria como sector econ&#xF3;mico. Producci&#xF3;n comercial, industrial </subfield>
  </datafield>
  <datafield tag="245" ind1="1" ind2="0">
    <subfield code="a">Los empresarios y la integraci&#xF3;n de am&#xE9;rica latina</subfield>
  </datafield>
  <datafield tag="264" ind1=" " ind2="1">
    <subfield code="a">Buenos Aires :</subfield>
    <subfield code="b">Instituto para la Integraci&#xF3;n de Am&#xE9;rica Latina (INTAL)</subfield>
    <subfield code="c">1967</subfield>
  </datafield>
  <datafield tag="300" ind1=" " ind2=" ">
    <subfield code="a">163 p.</subfield>
    <subfield code="c">23 cm.</subfield>
  </datafield>
  <datafield tag="505" ind1=" " ind2=" ">
    <subfield code="a">1. Empresario, integraci&#xF3;n y desarrollo / Aldo Ferrer - 2. Experiencias y perspectivas de las reuniones sectoriales y de los acuerdos de complementaci&#xF3;n (ALALC) / Elvio Baldinelli - 3. El empresario y la industrializaci&#xF3;n en el proceso de integraci&#xF3;n centroamericana / Manuel Noriega Morales - 4. El aporte a la integraci&#xF3;n latinoamericana / Jos&#xE9; Zabala - 5. El papel que juega el capital extranjero en Am&#xE9;rica Latina / Andr&#xE9; Van Dam - 6. La escuela de administraci&#xF3;n de empresas en la integraci&#xF3;n latinoamericana / Antonio Angarita Silva, Ary Bouzan y Carlos Omar Bertero - 7. Algunas observaciones acerca de la industrializaci&#xF3;n y la integraci&#xF3;n en Am&#xE9;rica Latina / Marco D. Pollner - 8. Algunas notas sobre la experiencia industrial brasile&#xF1;a / Justo Pinheiro  Da Fonseca - 9. La integraci&#xF3;n como instrumento de desarrollo / Jos&#xE9; Mar&#xED;a Aragao. </subfield>
  </datafield>
  <datafield tag="942" ind1=" " ind2=" ">
    <subfield code="c">BK</subfield>
  </datafield>
  <datafield tag="590" ind1=" " ind2=" ">
    <subfield code="a">niveau_biblio:m niveau_hierar:0</subfield>
  </datafield>
  <datafield tag="100" ind1="1" ind2=" ">
    <subfield code="a">Ferrer, Aldo</subfield>
  </datafield>
  <datafield tag="700" ind1="1" ind2=" ">
    <subfield code="a">Baldinelli, E.</subfield>
  </datafield>
  <datafield tag="700" ind1="1" ind2=" ">
    <subfield code="a">Noriega Morales, M.</subfield>
  </datafield>
  <datafield tag="700" ind1="1" ind2=" ">
    <subfield code="a">Zabala, J.</subfield>
  </datafield>
  <datafield tag="700" ind1="1" ind2=" ">
    <subfield code="a">Angarita Silva, A.</subfield>
  </datafield>
  <datafield tag="700" ind1="1" ind2=" ">
    <subfield code="a">Bouzan, A.</subfield>
  </datafield>
  <datafield tag="700" ind1="1" ind2=" ">
    <subfield code="a">Bertero, C.O.</subfield>
  </datafield>
  <datafield tag="700" ind1="1" ind2=" ">
    <subfield code="a">Pollner, M.D.</subfield>
  </datafield>
  <datafield tag="700" ind1="1" ind2=" ">
    <subfield code="a">Pinheiro da Fonseca, J.</subfield>
  </datafield>
  <datafield tag="700" ind1="1" ind2=" ">
    <subfield code="a">Aragao, J.M.</subfield>
  </datafield>
  <datafield tag="999" ind1=" " ind2=" ">
    <subfield code="c">4704</subfield>
    <subfield code="d">4704</subfield>
  </datafield>
  <datafield tag="952" ind1=" " ind2=" ">
    <subfield code="0">0</subfield>
    <subfield code="1">0</subfield>
    <subfield code="4">0</subfield>
    <subfield code="7">0</subfield>
    <subfield code="a">BCEJYS</subfield>
    <subfield code="b">BCEJYS</subfield>
    <subfield code="c">16</subfield>
    <subfield code="d">2026-04-07</subfield>
    <subfield code="l">0</subfield>
    <subfield code="o">338.45 F382</subfield>
    <subfield code="p">L44069</subfield>
    <subfield code="r">2026-04-07 15:57:53</subfield>
    <subfield code="w">2026-04-07</subfield>
    <subfield code="y">L</subfield>
  </datafield>
  <datafield tag="952" ind1=" " ind2=" ">
    <subfield code="0">0</subfield>
    <subfield code="1">0</subfield>
    <subfield code="4">0</subfield>
    <subfield code="7">0</subfield>
    <subfield code="a">BCEJYS</subfield>
    <subfield code="b">BCEJYS</subfield>
    <subfield code="c">16</subfield>
    <subfield code="d">2026-04-07</subfield>
    <subfield code="l">0</subfield>
    <subfield code="o">338.45 F382</subfield>
    <subfield code="p">L65018</subfield>
    <subfield code="r">2026-04-07 15:57:53</subfield>
    <subfield code="w">2026-04-07</subfield>
    <subfield code="y">L</subfield>
  </datafield>
</record>
